00491nam a2200193 a 4500001001300000003000900013005001700022008004100039020002300080082001300103100002100116245002600137260003300163300000800196500003500204505001800239650001900257700002100276nice12345678IN_TiNIC20260116015003.0050802s1944 onta grp 000 0 eng  a0836155 c10000a270bBEN aBender, Harold S aThe Anabaptist Vision aOntariobHerald Press c1944 a44p aincludes index and biblioraphy2 aSubject Index aChurch-History1 aBender, Harold S